[Event "Joao Pessoa Caldas Memorial U2000 4th"]
[Site "Joao Pessoa"]
[Date "2018.11.17"]
[Round "7"]
[White "Morais, Francisco John Silv"]
[Black "Melo, Silvio Sa De"]
[Result "1-0"]
[WhiteElo "1671"]
[BlackElo "1875"]
[PlyCount "100"]
[EventDate "2018.09.24"]
[EventType "tourn"]
[EventRounds "11"]
[EventCountry "BRA"]
[SourceTitle "EXT 2021"]
[Source "ChessBase"]
[SourceDate "2020.10.23"]
[SourceVersion "1"]
[SourceVersionDate "2020.10.23"]
[SourceQuality "1"]

1. e4 c6 2. d4 d5 3. e5 Bf5 4. h4 h6 5. Bd3 Bxd3 6. Qxd3 e6 7. Nf3 Qb6 8. c3 c5 9. b3 cxd4 10. Nxd4 Nc6 11. Nxc6 Qxc6 12. 0-0 Rc8 13. Bb2 Ne7 14. Ba3 Ng6 15. Bxf8 Kxf8 16. Qg3 Qc7 17. Re1 Ne7 18. Qe3 a6 19. g4 Qc5 20. Qd3 Nc6 21. Nd2 Qe7 22. Nf3 Qa3 23. Qe3 Ne7 24. Rec1 Qc5 25. Nd4 Qc7 26. Qf3 Qd7 27. Qe3 Nc6 28. Nf3 Qe7 29. Rd1 b5 30. Rd3 Qa7 31. Qe2 Qc5 32. b4 Qe7 33. Rad1 a5 34. a3 a4 35. Qd2 Nd8 36. Qf4 Rc4 37. Qg3 Qc7 38. Rc1 Nc6 39. Re1 Ke7 40. Nd2 Nd8 41. Nxc4 bxc4 42. Rd2 Nc6 43. Qf4 Na7 44. g5 Ke8 45. g6 fxg6 46. Qg3 Qf7 47. Rd4 Rf8 48. Rg4 g5 49. hxg5 h5 50. g6 Qf5 1-0

[Event "Joao Pessoa Caldas Memorial U2000 4th"]
[Site "Joao Pessoa"]
[Date "2018.11.14"]
[Round "2"]
[White "Melo, Silvio Sa De"]
[Black "Espinola, Jose Mario"]
[Result "1/2-1/2"]
[WhiteElo "1875"]
[BlackElo "1586"]
[PlyCount "89"]
[EventDate "2018.09.24"]
[EventType "tourn"]
[EventRounds "11"]
[EventCountry "BRA"]
[SourceTitle "EXT 2021"]
[Source "ChessBase"]
[SourceDate "2020.10.23"]
[SourceVersion "1"]
[SourceVersionDate "2020.10.23"]
[SourceQuality "1"]

1. d4 Nf6 2. Nf3 d5 3. Bf4 Bf5 4. e3 e6 5. h3 Bd6 6. Bxd6 Qxd6 7. Be2 h6 8. Nbd2 a6 9. c4 Qb4 10. b3 Nbd7 11. 0-0 0-0 12. c5 c6 13. a3 Qa5 14. b4 Qc7 15. a4 Rfb8 16. Rc1 e5 17. Nb3 e4 18. Nh2 Bh7 19. Rc3 Ne8 20. f4 f5 21. g4 g6 22. Qe1 Qd8 23. Qg3 Kh8 24. Kh1 Ng7 25. Rg1 Qe7 26. Qf2 Rg8 27. Nf1 Qd8 28. Kh2 Rb8 29. b5 axb5 30. axb5 Ra8 31. Nfd2 Nf6 32. Rcc1 h5 33. g5 Nd7 34. Ra1 Qe7 35. Na5 cxb5 36. Nxb7 Rgb8 37. Rxa8 Rxa8 38. Bxb5 Nb8 39. Nd6 Qc7 40. Nb3 Ra3 41. Nc1 Bg8 42. Rg2 Ne6 43. Qd2 Nxc5 44. Ne8 Qa5 45. Qb2 1/2-1/2

[Event "Joao Pessoa Fischer Memorial 7th"]
[Site "Joao Pessoa"]
[Date "2016.03.11"]
[Round "2"]
[White "Oliveira de Lima, Allan Kardec"]
[Black "Melo, Silvio Sa De"]
[Result "1/2-1/2"]
[WhiteElo "1800"]
[BlackElo "1889"]
[PlyCount "40"]
[EventDate "2016.03.11"]
[EventType "swiss"]
[EventRounds "6"]
[EventCountry "BRA"]
[SourceTitle "CBM 171 Extra"]
[Source "ChessBase"]
[SourceDate "2016.04.26"]
[SourceVersion "1"]
[SourceVersionDate "2016.04.26"]
[SourceQuality "1"]

1. Nf3 Nf6 2. c4 e6 3. Nc3 d5 4. e3 c6 5. b3 Nbd7 6. Bb2 Be7 7. Be2 0-0 8. 0-0 b6 9. Qc2 Bb7 10. Rfd1 Rc8 11. d4 Qc7 12. Rac1 a6 13. Qb1 Qb8 14. cxd5 cxd5 15. Bd3 h6 16. h3 b5 17. Ne2 Rxc1 18. Rxc1 Rc8 19. a3 Rxc1+ 20. Qxc1 Qc8 1/2-1/2

[Event "Joao Pessoa op 6th"]
[Site "Joao Pessoa"]
[Date "2015.03.15"]
[Round "5"]
[White "Cunha, Jose Manoel Vercosa"]
[Black "Melo, Silvio Sa De"]
[Result "0-1"]
[WhiteElo "1608"]
[BlackElo "1903"]
[PlyCount "61"]
[EventDate "2015.03.13"]
[EventType "swiss"]
[EventRounds "6"]
[EventCountry "BRA"]
[SourceTitle "CBM 165 Extra"]
[Source "ChessBase"]
[SourceDate "2015.04.21"]
[SourceVersion "1"]
[SourceVersionDate "2015.04.21"]
[SourceQuality "1"]

1. d4 Nf6 2. c4 e5 3. e3 e4 4. Nc3 Bb4 5. Bd2 Bxc3 6. Bxc3 0-0 7. h3 d5 8. c5 c6 9. Be2 Qc7 10. b4 b6 11. Bg4 Nxg4 12. hxg4 f5 13. Qe2 fxg4 14. cxb6 axb6 15. Rc1 c5 16. bxc5 bxc5 17. dxc5 Qxc5 18. Qb2 Qa7 19. Ne2 Ba6 20. Nf4 Bc4 21. g3 Qxa2 22. Bxg7 Rf7 23. Nh5 Qxb2 24. Bxb2 Ra2 25. Nf6+ Kg7 26. Rxh7+ Kg6 27. Rxf7 Kxf7 28. Rc2 Na6 29. Nxg4 Ke6 30. Nh6 Nb4 31. Rd2 0-1

[Event "Joao Pessoa op 6th"]
[Site "Joao Pessoa"]
[Date "2015.03.14"]
[Round "3"]
[White "Leao, Flavio Sanchez"]
[Black "Melo, Silvio Sa De"]
[Result "1-0"]
[WhiteElo "1806"]
[BlackElo "1903"]
[PlyCount "41"]
[EventDate "2015.03.13"]
[EventType "swiss"]
[EventRounds "6"]
[EventCountry "BRA"]
[SourceTitle "CBM 165 Extra"]
[Source "ChessBase"]
[SourceDate "2015.04.21"]
[SourceVersion "1"]
[SourceVersionDate "2015.04.21"]
[SourceQuality "1"]

1. e4 e6 2. d4 d5 3. e5 c5 4. c3 Nc6 5. a3 Qb6 6. Nf3 a5 7. Bd3 Bd7 8. Bc2 Rc8 9. 0-0 cxd4 10. cxd4 Nge7 11. Nc3 Ng6 12. h4 Nge7 13. Ne2 Na7 14. Nf4 Bb5 15. Re1 Qc7 16. Bb1 Ng6 17. Ng5 Qxc1 18. Bxg6 Qxd1 19. Bxf7+ Ke7 20. Raxd1 Bc4 21. Bxe6 1-0

[Event "Paraibano-ch"]
[Site "Joao Pessoa"]
[Date "2014.11.30"]
[Round "4"]
[White "Felix, Dieggo Guerra"]
[Black "Melo, Silvio Sa De"]
[Result "0-1"]
[WhiteElo "1701"]
[BlackElo "1905"]
[PlyCount "54"]
[EventDate "2014.11.28"]
[EventType "swiss"]
[EventRounds "5"]
[EventCountry "BRA"]
[SourceTitle "EXT 2022"]
[Source "ChessBase"]
[SourceDate "2021.10.06"]
[SourceVersion "1"]
[SourceVersionDate "2021.10.06"]
[SourceQuality "1"]

1. e4 e6 2. d4 d5 3. Nd2 Nf6 4. e5 Nfd7 5. Bd3 c5 6. c3 Qb6 7. Ne2 Nc6 8. Nf3 Be7 9. 0-0 Qc7 10. Bf4 0-0 11. Bc2 c4 12. Bg3 Qd8 13. Nf4 Re8 14. Re1 b5 15. b4 cxb3 16. axb3 a5 17. Qd3 Nf8 18. Qxb5 Qc7 19. Qe2 Ba6 20. Bd3 Bxd3 21. Qxd3 Reb8 22. Reb1 Ra7 23. Qe2 Rab7 24. Nd3 Na7 25. Ra4 Nb5 26. b4 axb4 27. cxb4 Nc3 0-1

[Event "Joao Pessoa-ch"]
[Site "Joao Pessoa"]
[Date "2014.08.03"]
[Round "6"]
[White "Fiaes, Mario Henrique"]
[Black "Melo, Silvio Sa De"]
[Result "1-0"]
[WhiteElo "2072"]
[BlackElo "1909"]
[PlyCount "103"]
[EventDate "2014.08.01"]
[EventType "swiss"]
[EventRounds "6"]
[EventCountry "BRA"]
[SourceTitle "CBM 161 Extra"]
[Source "ChessBase"]
[SourceDate "2014.08.29"]
[SourceVersion "1"]
[SourceVersionDate "2014.08.29"]
[SourceQuality "1"]

1. e4 e6 2. d4 d5 3. e5 c5 4. c3 Nc6 5. Nf3 Qb6 6. a3 cxd4 7. cxd4 Nge7 8. Bd3 Bd7 9. Bc2 g6 10. Nc3 Bg7 11. 0-0 0-0 12. b4 Qd8 13. Bg5 f6 14. exf6 Bxf6 15. Bh6 Bg7 16. Bxg7 Kxg7 17. Re1 Nf5 18. Ba4 Qf6 19. Bxc6 Bxc6 20. Qd2 h6 21. Rac1 Nd6 22. Qe2 Rfe8 23. Ne5 Re7 24. Rcd1 Rc8 25. Rd3 Nb5 26. Qb2 Nd6 27. Rf3 Qh4 28. Qb1 Be8 29. Ne2 Qe4 30. Nd3 g5 31. Qa1 Qg6 32. Ng3 Rec7 33. Nc5 Bf7 34. Rfe3 Re8 35. Rc3 Rce7 36. Nd3 Qf6 37. Ne5 Qf4 38. Rf3 Qd2 39. Rd1 Qc2 40. Rc3 Qh7 41. Qc1 Ne4 42. Re3 Nxg3 43. Rxg3 Kh8 44. f4 Bh5 45. Rf1 Rc7 46. Qe1 Rec8 47. fxg5 hxg5 48. Rxg5 Rc1 49. Qf2 Rxf1+ 50. Qxf1 Qh6 51. Qf4 Rf8 52. Qh4 1-0

[Event "Joao Pessoa AXCV op 1st"]
[Site "Joao Pessoa"]
[Date "2014.04.05"]
[Round "2"]
[White "De Lima, Claudionor Henrique"]
[Black "Melo, Silvio Sa De"]
[Result "0-1"]
[WhiteElo "1582"]
[BlackElo "1912"]
[PlyCount "82"]
[EventDate "2014.04.04"]
[EventType "swiss"]
[EventRounds "5"]
[EventCountry "BRA"]
[SourceTitle "EXT 2018"]
[Source "ChessBase"]
[SourceDate "2017.10.13"]
[SourceVersion "1"]
[SourceVersionDate "2017.10.13"]
[SourceQuality "1"]

1. e4 e6 2. d4 d5 3. e5 c5 4. c3 Nc6 5. Nf3 Qb6 6. Qb3 Qc7 7. Be3 c4 8. Qc2 Nge7 9. h4 Nf5 10. Ng5 Be7 11. g4 Nxe3 12. fxe3 Bxg5 13. hxg5 Qe7 14. Rxh7 Rxh7 15. Qxh7 Qxg5 16. Be2 Qxe3 17. Qxg7 Qc1+ 18. Kf2 Qxb2 19. Na3 Nxd4 20. cxd4 Qxd4+ 21. Kf3 Qxa1 22. Nb5 Qh1+ 23. Ke3 Qe4+ 24. Kd2 Qf4+ 25. Ke1 Kd7 26. Nd6 Kc7 27. Nxf7 Bd7 28. Nd6 Qf8 29. Nb5+ Kc6 30. Nd4+ Kc5 31. Qxd7 Kxd4 32. Qxe6 Re8 33. Qd7 Qb4+ 34. Kf2 Rxe5 35. Qg7 Qd2 36. a4 Qxe2+ 37. Kg1 Qe3+ 38. Kg2 Qg5 39. Qd7 Re4 40. Qxb7 Qxg4+ 41. Kf2 Re2+ 0-1

[Event "Joao Pessoa op 5th"]
[Site "Joao Pessoa"]
[Date "2014.03.16"]
[Round "5"]
[White "Melo, Silvio Sa De"]
[Black "Fiaes, Mario Henrique"]
[Result "1/2-1/2"]
[WhiteElo "1889"]
[BlackElo "2051"]
[PlyCount "133"]
[EventDate "2014.03.14"]
[EventType "swiss"]
[EventRounds "6"]
[EventCountry "BRA"]
[SourceTitle "CBM 159 Extra"]
[Source "ChessBase"]
[SourceDate "2014.04.24"]
[SourceVersion "1"]
[SourceVersionDate "2014.04.24"]
[SourceQuality "1"]

1. d4 Nf6 2. c4 e6 3. Nf3 b6 4. Bg5 h6 5. Bd2 Bb7 6. e3 Bd6 7. Nc3 Bb4 8. Bd3 Bxc3 9. Bxc3 Ne4 10. Rc1 0-0 11. 0-0 f5 12. b4 d6 13. Nd2 Nxd2 14. Bxd2 Nd7 15. Re1 e5 16. d5 f4 17. exf4 exf4 18. Be4 Ne5 19. Bc3 Qg5 20. Bxe5 dxe5 21. Qf3 a5 22. b5 Rad8 23. c5 Bc8 24. cxb6 cxb6 25. h3 Bd7 26. a4 Rc8 27. Kh2 Rfd8 28. Bd3 Rxc1 29. Rxc1 Rc8 30. Rxc8+ Bxc8 31. Qe4 Qf6 32. Qc4 Bd7 33. f3 Qd6 34. Qe4 Kf7 35. Kh1 Ke7 36. Bc4 Be8 37. Bd3 Bf7 38. Bc4 Bg6 39. Qe2 Qc7 40. Bd3 Bf7 41. Be4 Qc5 42. Qe1 g5 43. g3 Bxd5 44. gxf4 Bxe4 45. Qxe4 gxf4 46. Qh7+ Kd8 47. Qg8+ Kd7 48. Qg7+ Kd6 49. Qxh6+ Kd5 50. Qg6 Qc1+ 51. Kg2 Qd2+ 52. Kf1 Qd1+ 53. Kf2 Qd4+ 54. Kg2 Kc4 55. Qc2+ Kb4 56. h4 Qd8 57. Qe4+ Ka3 58. Qxe5 Qxh4 59. Qc3+ Ka2 60. Qc2+ Ka1 61. Qc1+ Ka2 62. Qc2+ Ka3 63. Qc3+ Kxa4 64. Qc4+ Ka3 65. Qc3+ Ka2 66. Qc2+ Ka1 67. Qc1+ 1/2-1/2

[Event "Joao Pessoa op"]
[Site "Joao Pessoa"]
[Date "2013.06.01"]
[Round "5"]
[White "De Melo, Fernando Sa"]
[Black "Melo, Silvio Sa De"]
[Result "1/2-1/2"]
[WhiteElo "2114"]
[BlackElo "1901"]
[PlyCount "32"]
[EventDate "2013.05.30"]
[EventType "swiss"]
[EventRounds "6"]
[EventCountry "BRA"]
[SourceTitle "CBM 154 Extra"]
[Source "ChessBase"]
[SourceDate "2013.06.25"]
[SourceVersion "2"]
[SourceVersionDate "2013.06.25"]
[SourceQuality "1"]

1. d4 Nf6 2. c4 e5 3. dxe5 Ng4 4. Nf3 Nc6 5. Nbd2 Ngxe5 6. a3 d5 7. Qc2 Nxc4 8. Nxc4 dxc4 9. Qxc4 Be7 10. Be3 Qd7 11. g3 Qe6 12. Qc2 0-0 13. Bg2 Qf5 14. Qxf5 Bxf5 15. Nd4 Nxd4 16. Bxd4 c6 1/2-1/2

[Event "Fortaleza Alves memorial 17th"]
[Site "Fortaleza"]
[Date "2013.05.18"]
[Round "4"]
[White "Melo, Silvio Sa De"]
[Black "De Souza, Rafael Cabral"]
[Result "0-1"]
[WhiteElo "1901"]
[BlackElo "2182"]
[PlyCount "62"]
[EventDate "2013.05.17"]
[EventType "swiss"]
[EventRounds "6"]
[EventCountry "BRA"]
[SourceTitle "CBM 154 Extra"]
[Source "ChessBase"]
[SourceDate "2013.06.25"]
[SourceVersion "2"]
[SourceVersionDate "2013.06.25"]
[SourceQuality "1"]

1. d4 Nf6 2. c4 e6 3. Nf3 c5 4. Nc3 cxd4 5. Nxd4 Bb4 6. Bd2 b6 7. Nf3 Bb7 8. a3 Be7 9. e3 0-0 10. Be2 d6 11. 0-0 Nbd7 12. Rc1 Rc8 13. Nd4 Ne5 14. Nb1 d5 15. cxd5 Qxd5 16. Bf3 Nxf3+ 17. Qxf3 Qd7 18. Qh3 Ne4 19. Bc3 Rc5 20. b4 Rg5 21. Nf3 Rf5 22. Nd4 Ng5 23. Qg3 Ne4 24. Qh3 Rf6 25. Qh5 Rg6 26. g3 Ng5 27. f3 e5 28. Ne2 Rh6 29. Rcd1 Qc8 30. Qg4 Qxg4 31. fxg4 Nh3# 0-1

[Event "Fortaleza Alves memorial 17th"]
[Site "Fortaleza"]
[Date "2013.05.17"]
[Round "2"]
[White "Abreu Santos, Eudismar"]
[Black "Melo, Silvio Sa De"]
[Result "1-0"]
[WhiteElo "2172"]
[BlackElo "1901"]
[PlyCount "69"]
[EventDate "2013.05.17"]
[EventType "swiss"]
[EventRounds "6"]
[EventCountry "BRA"]
[SourceTitle "CBM 154 Extra"]
[Source "ChessBase"]
[SourceDate "2013.06.25"]
[SourceVersion "2"]
[SourceVersionDate "2013.06.25"]
[SourceQuality "1"]

1. e4 c6 2. d4 d5 3. Nd2 dxe4 4. Nxe4 Bf5 5. Ng3 Bg6 6. Nf3 Nd7 7. Bd3 Bxd3 8. Qxd3 Ngf6 9. Bd2 e6 10. c4 Be7 11. Bc3 Qc7 12. Qe2 0-0 13. 0-0 Rfe8 14. Ne5 Nxe5 15. dxe5 Nd7 16. Rae1 Rad8 17. Qg4 g6 18. h4 Kh8 19. Ne4 h5 20. Qf4 Kg7 21. Re3 Nc5 22. Nd6 Rf8 23. Rf3 Rd7 24. Ne8+ Rxe8 25. Qxf7+ Kh6 26. Rg3 g5 27. Qxe8 g4 28. Rxg4 hxg4 29. h5 Kg7 30. b4 Na4 31. Qg6+ Kh8 32. Qh6+ Kg8 33. Qxe6+ Kf8 34. Qh6+ Ke8 35. e6 1-0

[Event "Joao Pessoa op 4th"]
[Site "Joao Pessoa"]
[Date "2013.03.15"]
[Round "2"]
[White "Melo, Silvio Sa De"]
[Black "Rodrigues, Jhonas Silva"]
[Result "1/2-1/2"]
[WhiteElo "1903"]
[BlackElo "1913"]
[PlyCount "63"]
[EventDate "2013.03.15"]
[EventType "swiss"]
[EventRounds "6"]
[EventCountry "BRA"]
[SourceTitle "CBM 153 Extra"]
[Source "ChessBase"]
[SourceDate "2013.04.22"]
[SourceVersion "1"]
[SourceVersionDate "2013.04.22"]
[SourceQuality "1"]

1. d4 d5 2. Nf3 Nf6 3. c4 dxc4 4. Nc3 e6 5. e3 b6 6. Bxc4 Bb7 7. 0-0 Bd6 8. Nb5 Be7 9. Nc3 a6 10. Be2 0-0 11. Ne5 Nbd7 12. Bf3 Bxf3 13. Nxf3 c5 14. b3 Rc8 15. Bb2 b5 16. Qe2 cxd4 17. Nxd4 Bb4 18. Rac1 Qa5 19. Nd1 Rxc1 20. Bxc1 Rc8 21. Qb2 Bd6 22. Nf3 Qc7 23. Bd2 Ne5 24. Ne1 Ne4 25. Qd4 Nxd2 26. Qxd2 Rd8 27. Qe2 Qa5 28. f4 Ng6 29. Nf3 Bc5 30. Kh1 Qb6 31. Ng5 h5 32. Nf3 1/2-1/2

[Event "Natal Potiguar op"]
[Site "Natal"]
[Date "2012.06.08"]
[Round "3"]
[White "Barbosa, Antonio Atenilson"]
[Black "Melo, Silvio Sa De"]
[Result "1-0"]
[WhiteElo "1798"]
[BlackElo "1903"]
[PlyCount "87"]
[EventDate "2012.06.07"]
[EventType "swiss"]
[EventRounds "7"]
[EventCountry "BRA"]
[SourceTitle "CBM 148 Extra"]
[Source "ChessBase"]
[SourceDate "2012.06.22"]
[SourceVersion "1"]
[SourceVersionDate "2012.06.22"]
[SourceQuality "1"]

1. Nf3 Nf6 2. d3 d5 3. g3 c5 4. Bg2 Nc6 5. 0-0 e5 6. e4 dxe4 7. dxe4 Bg4 8. b3 Bh5 9. g4 Bg6 10. Bg5 Qxd1 11. Rxd1 Bxe4 12. c3 Be7 13. Nbd2 Bg6 14. Nc4 e4 15. Nh4 0-0 16. Bxf6 Bxf6 17. Nxg6 hxg6 18. Bxe4 Rfd8 19. Nd6 Na5 20. Nxb7 Nxb7 21. Bxb7 Rab8 22. Rxd8+ Rxd8 23. Be4 Rd2 24. Rb1 Bh4 25. f3 a5 26. a3 Be7 27. b4 axb4 28. axb4 cxb4 29. cxb4 Rd6 30. b5 Bd8 31. Rb2 Bb6+ 32. Kg2 g5 33. Ra2 g6 34. Bc6 Rd8 35. Ra8 Rxa8 36. Bxa8 Kf8 37. Kf1 Ke7 38. Ke2 Kd6 39. Kd3 Ke5 40. Be4 Bg1 41. Kc4 Bb6 42. Bd5 Kf6 43. Bc6 Ke7 44. Kd5 1-0

[Event "Joao Pessoa op 3rd"]
[Site "Joao Pessoa"]
[Date "2012.03.11"]
[Round "6"]
[White "De Lira Machado, Alexandre Henri"]
[Black "Melo, Silvio Sa De"]
[Result "1/2-1/2"]
[WhiteElo "2104"]
[BlackElo "1926"]
[PlyCount "39"]
[EventDate "2012.03.09"]
[EventType "swiss"]
[EventRounds "6"]
[EventCountry "BRA"]
[SourceTitle "CBM 147 Extra"]
[Source "ChessBase"]
[SourceDate "2012.04.24"]
[SourceVersion "1"]
[SourceVersionDate "2012.04.24"]
[SourceQuality "1"]

1. e4 c6 2. d4 d5 3. e5 e6 4. f4 c5 5. Nf3 Nc6 6. a3 cxd4 7. Bd3 Bc5 8. 0-0 Bd7 9. b4 Bb6 10. Qe2 Nge7 11. g4 g6 12. Nbd2 a6 13. Nb3 Qc7 14. Bd2 a5 15. b5 Na7 16. a4 Nac8 17. Kh1 h5 18. g5 Nf5 19. Rae1 Nce7 20. Qg2 1/2-1/2

[Event "Joao Pessoa op 3rd"]
[Site "Joao Pessoa"]
[Date "2012.03.10"]
[Round "3"]
[White "Melo, Silvio Sa De"]
[Black "Andrade, Roberto Luiz Costa"]
[Result "0-1"]
[WhiteElo "1926"]
[BlackElo "2186"]
[PlyCount "64"]
[EventDate "2012.03.09"]
[EventType "swiss"]
[EventRounds "6"]
[EventCountry "BRA"]
[SourceTitle "CBM 147 Extra"]
[Source "ChessBase"]
[SourceDate "2012.04.24"]
[SourceVersion "1"]
[SourceVersionDate "2012.04.24"]
[SourceQuality "1"]

1. d4 d5 2. Nf3 Nf6 3. c4 c6 4. cxd5 cxd5 5. Nc3 Nc6 6. e3 e6 7. Bd3 Bd6 8. 0-0 0-0 9. a3 Bd7 10. Bd2 e5 11. dxe5 Nxe5 12. Nxe5 Bxe5 13. Be2 Bc6 14. Bf3 Ne4 15. Rc1 Qh4 16. g3 Qh6 17. Bxe4 dxe4 18. Qc2 Qh5 19. Qd1 Qg6 20. b4 Rad8 21. Qe2 a6 22. a4 Rd3 23. b5 axb5 24. Nxb5 Bd7 25. Nd4 Bxd4 26. exd4 Bg4 27. f3 Bxf3 28. Qf2 e3 29. Bxe3 Bc6 30. Qf4 Qe6 31. Kf2 Qa2+ 32. Ke1 Re8 0-1

[Event "Natal op-B 9th"]
[Site "Natal"]
[Date "2012.02.20"]
[Round "5"]
[White "De Souza, Hudson Willamy Nune"]
[Black "Melo, Silvio Sa De"]
[Result "0-1"]
[WhiteElo "1863"]
[BlackElo "1926"]
[PlyCount "90"]
[EventDate "2012.02.17"]
[EventType "swiss"]
[EventRounds "7"]
[EventCountry "BRA"]
[SourceTitle "CBM 147 Extra"]
[Source "ChessBase"]
[SourceDate "2012.04.24"]
[SourceVersion "1"]
[SourceVersionDate "2012.04.24"]
[SourceQuality "1"]

1. e4 c6 2. d4 d5 3. exd5 cxd5 4. Nf3 Nf6 5. c4 Nc6 6. Nc3 e6 7. Bg5 dxc4 8. Bxc4 Be7 9. Bf4 a6 10. Rc1 0-0 11. 0-0 b5 12. Bb3 Na5 13. Bc2 Bb7 14. a3 Rc8 15. Qd3 Nc4 16. Rb1 g6 17. Rfe1 Nh5 18. Bh6 Ng7 19. Ne4 Re8 20. Neg5 Bf6 21. g4 Qb6 22. Ne4 Be7 23. h4 Qc6 24. Re2 f5 25. gxf5 exf5 26. Neg5 Bxg5 27. Rxe8+ Rxe8 28. d5 Qxd5 29. Qxd5+ Bxd5 30. Nxg5 Re2 31. Rd1 Rd2 32. Rxd2 Nxd2 33. b4 Ne8 34. Nh3 Nf3+ 35. Kf1 Nxh4 36. Nf4 Bc4+ 37. Ne2 Nf3 38. Be3 Nf6 39. Bd1 Nd5 40. Kg2 Ne1+ 41. Kg3 Nxe3 42. fxe3 Bxe2 43. Bxe2 Nc2 44. a4 bxa4 45. Bxa6 Nxb4 0-1